| 000 | 00542nam a2200169Ia 4500 | ||
|---|---|---|---|
| 003 | OSt | ||
| 005 | 20200624113521.0 | ||
| 008 | 190216s9999||||xx |||||||||||||| ||und|| | ||
| 040 | _coclc | ||
| 082 |
_a954.8 _bCHA/S |
||
| 100 |
_aChampakalakshmi, R _92771 |
||
| 245 | 0 |
_aState And Society In Pre-Modern South India / _cR Champakalakshmi ;Kesavan V ; T R Venugopalan |
|
| 260 |
_bCosmos Bookhive Publishers, _c2002. _aThrissur: |
||
| 300 | _a223p | ||
| 650 | _aHistory | ||
| 942 |
_cBK _2ddc _h954.8 _iCHA/S _k954.8 _mCHA/S |
||
| 999 |
_c20909 _d20909 |
||